N. Antúnez

Furkejuvvon:
Bibliográfalaš dieđut
Váldodahkki: Palmer Trias, Montserrat (autora)
Materiálatiipa: Girji
Giella:espánnjágiella
Almmustuhtton: Santiago ARQ 1997
Preanttus:1a. ed
Ráidu:Arte. Colección Pintura, 1
Fáttát:
Fáddágilkorat: Lasit fáddágilkoriid
Eai fáddágilkorat, Lasit vuosttaš fáddágilkora!

MARC

LEADER 00000nam a2200000 a 4500
001 UCK4191
003 CL-VaPUC
008 050527e19970500CL |||||||||||||||||spa|d
020 |a 9561404486 
082 0 4 |a 759.983  |b PAL  |2 21 
100 |a Palmer Trias, Montserrat  |e autora  |9 552033 
245 1 0 |a N. Antúnez 
250 |a 1a. ed 
300 |a 219 p 
942 |c BK 
945 |d 20050527 00:00:00  |a cmena 
260 |a Santiago  |b ARQ  |c 1997 
600 0 |a Antúnez, Nemesio,  |d 1918-1993  |z Chile   |x Arquitecto, pintor y grabador   |9 492663 
650 0 |a Pintura chilena  |9 266171 
650 0 |a Estilos artísticos  |9 340996 
650 0 |a Pintores chilenos  |9 345328 
583 |a last modification  |c 20050527 00:00:00  |k Rodrigo Vera 
490 0 |a Arte. Colección Pintura, 1 
999 |c 313138  |d 313136 
952 |0 0  |1 0  |4 0  |6 759_983000000000000_PAL_1997  |7 0  |8 A  |9 384234  |a BIBHIS  |b BIBHIS  |d 2019-11-22  |i 4109732  |o 759.983 PAL 1997  |p 4109732  |r 2025-01-20  |w 2019-11-22  |y BK  |k HIS